Quiz - Personnages de Fairy Tail - Statistiques

Statistiques générales
  • Ce quiz a été pris 991 fois
  • Le résultat moyen est 18 sur 26
Statistiques - réponses
Réponse % Correct
Dragon Slayer du feu Natsu
99%
Mage de glace de Fairy Tail Grey
93%
Constellationiste de Fairy Tail Lucy
93%
Dragon Slayer céleste Wendy
92%
Titania Erza
91%
Exceed Bleu Happy
86%
Dragon Slayer du fer Gajeel
83%
Mage de glace de Lamia Scale Leon
82%
Dragon Slayer de la lumière Sting
82%
Exceed Blanc Carla
81%
Dragon Slayer de l'ombre Rogue
81%
Dragon Slayer du poison Cobra
71%
Exceed Noir Lily
71%
Demon Soul Mirajane
71%
Beast Soul Elfman
67%
Animal Soul Lisana
64%
3ème Maitre Makarov
63%
6ème Maitre Makarov
63%
Exceed Vert Frosh
61%
Dragon Slayer de la foudre Laxus
59%
Constellationiste de Sabertooth Yukino
59%
4ème Maitre Macao
50%
Exceed Brun Lector
44%
2ème Maitre Hades
42%
1er Maitre Maevis
18%
5ème Maitre Guildarts
16%
Aucun quiz correspondant
Distribution des résultats
% des personnes avec chaque résultat
Percentile par nombre de réponses
Votre historique - résultats
Vous n’avez pas pris ce quiz